00577nam a2200193Ia 4500003000900000008004100009020001800050040001600068080002000084100001300104245010900117260004900226300001600275490001200291650002600303650002600329650001400355700001400369IN-BaIIA211028s9999 xx 000 0 eng d a92-9092-536-1 cIIA Library a52(091)(4)bKRI aKrige, J 0aHistroy of the european space agency, 1958-1987bvol. 1, ESRO and ELDO, 1958-1973cJ. Krige and A. Russo aThe NetherlandsbEuropean Space Agencyc2000 axvii, 461p. aSP-1235 aEuropean Space Agency aScientific programmes aSpace age aRusso, A.